000 00282nam a22001337a 4500
008 190305b xxu||||| |||| 00| 0 eng d
020 _a9781566194273
041 _aeng
080 _a710
100 _a45
101 _aART
245 _aClaude Monet
_cNunhead, N
942 _2udc
_cBK
999 _c54524
_d54524